Language Quiz

Random Language or Italian Quiz

Find the Italian Animals Quiz Stats

 Plays Quiz Updated Jan 25, 2019

Support Sporcle.
Go Orange.
Score 0/21 Timer 05:00
0 Plays Today
% Correct
Pinguino
90.7%
Serpente
89.3%
Leone
88.6%
Orso bianco
86.3%
Pollo
85.8%
Gatto
85%
Cane
80.9%
Pesce rosso
79.8%
Tartaruga
77.2%
Cavallo
72.7%
Farfalla
65.2%
% Correct
Mucca
53.9%
Coniglio
52.7%
Scarafaggio
51%
Pappagallo
49.6%
Scoiattolo
49%
Pipistrello
45.6%
Anatra
45.3%
Scimmia
43.3%
Granchio
40.1%
Squalo
39.9%

You're not logged in!

Compare scores with friends on all Sporcle quizzes.
OR
Log In
Forgot?

From the Vault

Multiple Olympic Cities

by GeoExpert

History 2m
With the Olympics less than a week away, it seemed a good time to quiz you on your Olympic geography.
Remove Ads.
Support Sporcle.
Get the best of Sporcle when you Go Orange. This ad-free experience offers more features, more stats, and more fun while also helping to support Sporcle. Thank you for becoming a member.

Show Comments

Extras

Top Quizzes Today


Score Distribution

Your Account Isn't Verified!

In order to create a playlist on Sporcle, you need to verify the email address you used during registration. Go to your Sporcle Settings to finish the process.

Report this User

Report this user for behavior that violates our Community Guidelines.

Details: